000 00558nam a22001817a 4500
003 UA-OsUOA
001 17679
007 ta
008 20040320b un ||||| |||| 00| 0 ukr d
100 _aБорисюк Т.
942 _cSA
040 _aUA-OsUOA
_cUA-OsUOA
_dUA-OsUOA
245 _aГоворить Бізнес-довідка: є така фірма!
_b[Про послуги Бізнес-довідки]
300 _aС.10
955 _a0
773 0 _w0
_tІмідж
_dРівне
_d2003
_g№23/Листоп./
650 7 _aБізнес-довідка
_2UDC
999 _c303847
_d303847